000 00605nam a2200205Ia 4500
003 GCL
008 140319s9999 xx 000 0 ara d
040 _aGCL /
_cGCL
082 0 4 _a891.7
_bب د
100 1 _aبوشكين ، الكسندر
245 1 0 _aدوبروفسكى: روايه /
_cبوشكين ، الكسندر
700 1 _aابوبكر يوسف
300 _a125
490 _a
650 0 4 _aالادب الروسى
650 0 4 _aالقصص الروسية المترجمة
650 0 4 _aالقصص الروسية
650 0 4 _aالادب الروسى المترجم
942 _2ddc
_cBK
999 _c40347
_d40347